Hijos triunfadores (Registro nro. 11422)

Detalles MARC
000 -LIDER
fixed length control field 00779nam a22002537a 4500
001 - NÚMERO DE CONTROL
Identificador de número de control 000680
003 - IDENTIFICACDOR DE NÚMERO DE CONTROL
control field DO-SdBNP
005 - DATE AND TIME OF LATEST TRANSACTION
control field 20180126111433.0
007 - CAMPOS FIJOS DE DESCRIPCIÓN FÍSICA
fixed length control field 000680
008 - ELEMENTOS DE LONGITUD FIJA
fixed length control field 151210b 1990 xxu ac 00| 0 spa d
040 ## - FUENTE DE CATALOGACIÓN
Agencia que crea de manera original el registro BPMSU
Idioma de catalogación spa
Agencia que realiza la transcripción BPMSU
092 ## - LOCALLY ASSIGNED DEWEY DECIMAL CALL NUMBER
Número de clasificación xxxx
Número de ítem (Cutter) xxxx
100 1# - ASIENTO PRINCIPAL -- NOMBRE PERSONAL
Nombre personal Van Pelt, Nancy
240 10 - TITULO UNIFORME
Título uniforme Train up a child /
245 10 - MENCIÓN DE TITULO
Título Hijos triunfadores
Subtítulo la formación del carácter y la personalidad
Mención de responsabilidad Nancy Van Pelt ; traducción Sergio V. Collins
250 ## - MENCIÓN DE EDICION
Mención de edición 3a. ed.
260 ## - PUBLICACIÓN, DISTRIBUCIÓN, ETC. (PIE DE IMPRENTA)
Lugar de publicación, distribución, etc Estados Unidos ;
Nombre del editor, distribuidor, etc. Asociación publicadora interamericana,
Fecha de publicación, distribución, etc 1990.
300 ## - DESCRIPCIÓN FÍSICA
Extensión 239 p.;
Otros detalles físicos il., retrato
Dimensiones 25 cm.
700 12 - ASIENTO SECUNDARIO -- NOMBRE PERSONAL
Nombre personal Collins, Sergio V.
Mención de responsabilidad trad.
910 ## - VALIDACIÓN
Validación 00144
942 ## - ADDED ENTRY ELEMENTS (KOHA)
Source of classification or shelving scheme Dewey Decimal Classification
Koha item type Libros
945 ## - INFORMACIÓN DE PROCESAMIENTO LOCAL
Información de procesamiento local Inventariado extranjero / 2018 VM
956 ## - LOCAL ELECTRONIC LOCATION AND ACCESS (OCLC)
Nombre de host Yngrid Lockward
Número de acceso 10
Existencias
Withdrawn status Lost status Source of classification or shelving scheme Damaged status Not for loan Collection code Home library Current library Date acquired Source of acquisition Total Checkouts Barcode Date last seen Price effective from Koha item type
    Dewey Decimal Classification     Colección General Biblioteca Pública Metropolitana Salomé Ureña Biblioteca Pública Metropolitana Salomé Ureña 09/16/2016 FUNDI   BPMSU16090367 09/16/2016 09/16/2016 Libros